000
00306nam a2200145Ia 4500
100
_a
Caunaitz/William J.
650
_a
General
942
_c
BK
654
_a
Police Plaza
245
_a
One Police Plaza
260
_b
Bantam Books
_a
New York
_c
1984
082
_a
813
300
_a
371
546
_a
ENGLISH
999
_c
30415
_d
30415